000 007660000a22002410004500
001 50961
100 _a20131121d2013 e y0pory5003 ba
101 0 _apor
102 _aPT
200 1 _aArnaldo e meio quilo
_fDaniel Joris
_gil. Valériane
_gtrad. Philos Comunicação Global
210 _aPorto
_cMajora
_d[199-?]
215 _a[16] p.
_cil.
_d18 cm
225 2 _aAmigos- Amigos
_v1
606 _92118
_aLiteratura inglesa --conto
675 _a82-34
_vBN
_zpor
675 _a087.5-053-5
_vBN
_zpor
700 1 _925742
_aJoris
_bDaniel
702 1 _946159
_4440
_aValériane
_b(pseud).
712 0 2 _94856
_4730
_aPhilos Comunicação global
801 _aPT
_c20131121
090 _a50961
942 _cMON
_n0
999 _a50961